• 首页
  • 本馆介绍
  • 公告通知
  • 最新文献
  • 馆藏检索
  • 电子资源
  • 读者导购
  • 参考咨询
  • 我的图书馆
  • 登录
  • 详细信息显示
  • 放入我的书架
  • 预约/预借图书
  • 作者相关作品
  • 分类相关作品
  • 丛书相关作品
  • 出版社相关作品

书目信息

  • 表格格式
  • 工作单格式
  • 卡片格式
题名:
向往毛泽东
    
 
作者: 卢之超 主编 ;时迈 总撰稿 ;中国历史唯物主义学会 , 毛泽东旗帜网站 , 北京大地微微文化研究所 编著
分册:  
出版信息: 北京   中央文献出版社  2005
页数: 296页
开本: 23cm
丛书名:
单 册:
中图分类: A755
科图分类:
主题词:
电子资源:
ISBN: 7-5073-1852-4
000 01360nam0 2200289 450
001 002936225
005 20061113084532.57
010    @a7-5073-1852-4@dCNY28.00
100    @a20050317d2005 em y0chiy0110 ea
101 0  @achi
102    @aCN@b110000
105    @aa z 000yd
200 1  @a向往毛泽东@9xiang wang mao ze dong@e新世纪第一波“毛泽东热”大潮扫瞄@f卢之超主编@g时迈总撰稿@g“毛泽东的人民历史观”课题组,毛泽东旗帜网站,北京大地微微文化研究所编著
210    @a北京@c中央文献出版社@d2005
215    @a296页@c照片@d23cm
330    @a本书分九章,内容包括:深蕴于大地厚土的“毛泽东热”、升腾于网络浩空的“毛泽东热”、聚焦于韶山冲的“毛泽东热”、萦绕于纪念堂的“毛泽东热”、扎根于南街村的“毛泽东热”、弥漫于华人世界的“毛泽东热”等。
517 1  @a新世纪第一波“毛泽东热”大潮扫瞄@9xin shi ji di yi bo “ mao ze dong re ” da chao sao miao
600  0 @a毛泽东@f(1893~1976)
600  0 @a毛泽东@f(1893~1976)@x人物研究
690    @aA755@v4
701  0 @a卢之超@9lu zhi chao@f(1933~)@4主编
702  0 @a时迈@9shi mai@4总撰稿
712 02 @a中国历史唯物主义学会@9zhong guo li shi wei wu zhu yi xue hui@b毛泽东的人民历史观课题组@4编著
712 02 @a毛泽东旗帜网站@9mao ze dong qi zhi wang zhan@4编著
712 02 @a北京大地微微文化研究所@9bei jing da di wei wei wen hua yan jiu suo@4编著
801  0 @aCN@bNLC@c20061113
905    @a10447@dA755@e160
    
    向往毛泽东:新世纪第一波“毛泽东热”大潮扫瞄/卢之超主编/时迈总撰稿/“毛泽东的人民历史观”课题组,毛泽东旗帜网站,北京大地微微文化研究所编著.-北京:中央文献出版社,2005
    296页:照片;23cm
    
    
    ISBN 7-5073-1852-4:CNY28.00
    本书分九章,内容包括:深蕴于大地厚土的“毛泽东热”、升腾于网络浩空的“毛泽东热”、聚焦于韶山冲的“毛泽东热”、萦绕于纪念堂的“毛泽东热”、扎根于南街村的“毛泽东热”、弥漫于华人世界的“毛泽东热”等。
●
相关链接 在E读中查询图书 在五车中查询图书 在当当中查询图书 在豆瓣中查询图书


正题名:向往毛泽东     索取号:A755/160         预约/预借

序号 登录号 条形码 馆藏地/架位号 状态 备注
1 0384181   203841815   第一样本阅览室/ [索取号:A755/160] 在馆    
2 0384182   203841824   第一借阅区/ [索取号:A755/160] 在馆    
3 0384183   203841833   第一借阅区/ [索取号:A755/160] 在馆    
4 0384184   203841842   第一借阅区/ [索取号:A755/160] 在馆    
5 0384185   203841851   第一借阅区/ [索取号:A755/160] 在馆    
唐山师范学院图书馆 欢迎您!
大连网信软件有限公司© 版权所有